| Registos Bibliográficos associados ao registo de autoridade |
|
Etiqueta de registo: 00000nkm 2200025 450 001 2256722 003 http://id.bnportugal.gov.pt/bib/catbnp/2256722 100 ## $a20260129d1992 m y0pory01030103ba 101 0# $apor 102 ## $aPT 200 1# $aFestival da Primavera, Póvoa de Lanhoso, Fafe, Vila Verde e Braga, 2 de maio a 20
de junho$bVisual gráfico]$fARTAM - Associação Regional de Teatro Amador do Minho$g Mónica Sofia Igreja 210 #9 $a[Braga]$cARTAM - Associação Regional de Teatro Amador do Minho,$d1992$e[S.l.] :$gTipoprado - Artes Gráficas, L.da ) 215 ## $a1 cartaz$ccolor.$d65x48 cm 317 ## $aColeção Madeira Luís 675 ## $a766(=1:469)"1992"(084.5)$vBN$zpor$31980773 702 #1 $aIgreja,$bMónica Sofia,$4410$31982196 710 02 $aFestival da Primavera,$ePóvoa de Lanhoso, Fafe, Vila Verde e Braga,$f1992$31982198 712 02 $aAssociação Regional do Teatro Amador do Minho$357659 801 #0 $aPT$bBN$gRPC 966 ## $lBN$mICONOG$sCT. 18352 A.$x3 971 ## $cCaticonografia7$d20260129 995 ## $aPRR2026 $d20260129$iCaticonografia7
|
|
|